| 000 | 01072nam0a22002771 4500 | ||
|---|---|---|---|
| 001 | RU\NLR\INFOCOMM_233\5000093295 | ||
| 005 | 20250613101715.0 | ||
| 035 | _a(NLR Aleph) 009389163 | ||
| 090 |
_a8031618 _c8031618 |
||
| 100 | _a20110201d1909 |||y0rusy50 ca | ||
| 101 | 0 | _ager | |
| 102 | _aRU | ||
| 105 | _ay ||||000|y | ||
| 200 | 1 |
_aBeobachtungen des Mondkraters Mösting A und der Mondsterne am Repsold'schen Meridiankreise während der Jahre 1892-1894 _fAngestellt vom Assistenten der Sternwarte M. A. Gratschew und berechnet von Dr. E. Przybyllok ... |
|
| 210 |
_aKasan _d1909 |
||
| 215 |
_a34 с. _d25 см |
||
| 225 | 1 |
_aТруды Астрономической обсерватории Казанского университета _v№ 19 |
|
| 700 | 1 |
_9z02790 _aGračev _bM. A. _f1866-1925 _gMichail Abramovič _4070 |
|
| 701 | 1 |
_aPrzybyllok _bE. _4070 |
|
| 712 | 0 | 1 |
_aKasan _bUniversität _bSternwarte _4570 |
| 790 | 1 |
_9z02700 _aGratschew _bM. A. _4070 |
|
| 801 | 1 |
_aRU _bNLR _c20110201 |
|
| 801 | 0 |
_aRU _bNLR _gPSBO |
|
| 852 |
_aNLR _j38.78.2.6 |
||
| 942 | _cBOOK | ||
| 980 | _aNB | ||